| 000 | 00972nam0a22002531 4500 | ||
|---|---|---|---|
| 001 | rc\646960 | ||
| 005 | 20260406073844.0 | ||
| 035 | _a(NLR Aleph) 005887477 | ||
| 090 |
_a6142387 _c6142387 |
||
| 100 | _a20031121d1986 |||y0rusy50 ca | ||
| 101 | 0 | _arus | |
| 102 | _aRU | ||
| 105 | _aa ||||||||| | ||
| 200 | 1 |
_aСон в начале тумана _eРоман _fЮрий Рытхэу _g[Ил. В. Петрова] |
|
| 210 |
_aМ. _cСовременник _d1986 |
||
| 215 |
_a494, [2] с. _cил. _d21 |
||
| 225 | 1 | _aБиблиотека литератур народностей Севера и Дальнего Востока | |
| 300 | _aПеред вып. дан. авт.: Юрий Рытхэу (Юрий Сергеевич Рытхэу) | ||
| 700 | 1 |
_8rus _7ca _aРытхэу _bЮ. С. _gЮрий Сергеевич _f1930-2008 _3RU\NLR\auth\7732366 _915374 |
|
| 801 | 0 |
_aRU _bNLR _gpsbo |
|
| 801 | 1 |
_aRU _bELAR _2rusmarc |
|
| 852 |
_aNLR _j86-3/4671 |
||
| 942 | _cBOOK | ||
| 980 | _aNB | ||